000 00896nac a22003017a 4500
001 BR0902056
003 BR-BrBNA
005 20240105123737.0
008 230509b bl.|||m| |||| 00| 0 por d
040 _aBR-BrBNA
_bpor
_cBiblioteca Nacional de Agricultura
072 _aF30; H20
090 _a0336 BR0902056
110 1 _aEMBRAPA Soja, Londrina, PR (Brasil)
245 1 _aCultivares de soja 2008/2009 região centro-sul
260 3 _aLondrina, PR (Brasil):
_c2008.
300 _a76 p.
490 _aDocumentos - EMBRAPA Soja (Brazil)
_vno. 309
_xISSN 1516-781X
500 _a21 tables
650 _aSOJA
650 _aVARIEDADE
650 _aÉPOCA DE SEMEADURA
650 _aMANCHA OLHO DE RÃ
650 _aDOENÇA DE PLANTA
650 _aPÚSTULA BACTERIANA
650 _aVARIEDADE RESISTENTE
909 _a202312
_bLúcia Elande
_c55
_dLúcia Elande
942 _2AGRIS
_n0
_cMS
999 _c296808
_d296808